000 00185nam a2200085Ia 4500
008 170620s9999 xx 000 0 und d
100 _aKAPOOR- S K
245 0 _aCONTRACT-I
260 _bMEERUT; W L H
260 _c2007
999 _c29472
_d29472